| 000 | 00821 a2200229 4500 | ||
|---|---|---|---|
| 020 | _a0521653746 | ||
| 040 |
_aDLC _bEnglish |
||
| 082 | 0 | 0 | _a005.82 |
| 100 | 1 | _aBlake, Ian F. | |
| 245 | 1 | 0 |
_aElliptic curves in cryptography _cI.F. Blake, G. Seroussi, and N.P. Smart. |
| 260 |
_aNew York : _bCambridge University Press, _c1999. |
||
| 300 | _ap. cm. | ||
| 440 | 0 |
_aLondon Mathematical Society lecture note series ; _v265 |
|
| 650 | 0 | _aComputer security. | |
| 650 | 0 | _aCryptography. | |
| 650 | 0 |
_aCurves, Elliptic _xData processing. |
|
| 700 | 1 |
_aSeroussi, G. _d1955- |
|
| 700 | 1 |
_aSmart, Nigel P. _d1967- |
|
| 856 | 4 | 2 |
_3Publisher description _uhttp://www.loc.gov/catdir/description/cam029/99019696.html |
| 856 | 4 | 2 |
_3Table of contents _uhttp://www.loc.gov/catdir/toc/cam027/99019696.html |
| 942 |
_cBK _k005.82 BLA _2ddc |
||
| 999 |
_c6720 _d6720 |
||